书目信息 |
| 题名: |
英属圭亚那
|
|
| 作者: | 史密斯 著 ;吉林大学外语系翻译组 译 | |
| 分册: | ||
| 出版信息: | 长春 吉林人民出版社 1974.9 |
|
| 页数: | 389页 | |
| 开本: | 19cm | |
| 丛书名: | ||
| 单 册: | ||
| 中图分类: | K773 | |
| 科图分类: | ||
| 主题词: | 南美洲--历史 | |
| 电子资源: | ||
| ISBN: | ||
| 000 | 00664nam0 2200217 45 | |
| 001 | 0212200904 | |
| 005 | 20031219104102.2 | |
| 010 | @dCNY1.10 | |
| 091 | @a11091.20 | |
| 100 | @a20021220d1974 km y0chiy0120 ea | |
| 101 | 0 | @aeng |
| 105 | @a z 000yy | |
| 200 | 1 | @a英属圭亚那@AYing Shu Gui Ya Na@f(英)雷蒙德·特·史密斯著@F(Ying)Lei Meng De·Te·Shi Mi Si Zhu@g吉林大学外语系翻译组译 |
| 210 | @a长春@c吉林人民出版社@d1974.9 | |
| 215 | @a389页@d19cm | |
| 606 | 0 | @a南美洲@x历史 |
| 690 | @aK773@v3 | |
| 701 | 0 | @a史密斯@4著 |
| 702 | 0 | @a吉林大学外语系翻译组@AJi Lin Da Xue Wai Yu Xi Fan Yi Zu@4译 |
| 801 | @aCN@bTSTC@c20021220 | |
| 905 | @f1@b219228@dK773@e6 | |
| 英属圭亚那/(英)雷蒙德·特·史密斯著/吉林大学外语系翻译组译.-长春:吉林人民出版社,1974.9 |
| 389页;19cm |
| ISBN :CNY1.10 |
| ● |
| 相关链接 |
|
|
|
|
正题名:英属圭亚那
索取号:K773/6
 
预约/预借
| 序号 | 登录号 | 条形码 | 馆藏地/架位号 | 状态 | 备注 |
| 1 | 0219228 | 001746427 | 第二样本阅览室/ [索取号:K773/6] | 在馆 |